| 000 | 00407nam a2200157Ia 4500 | ||
|---|---|---|---|
| 008 | 230312s9999||||xx |||||||||||||| ||und|| | ||
| 020 | _a0-7506-5717-0 | ||
| 082 |
_a720 _bMOU-U |
||
| 100 | _aMoughtin;Cliff | ||
| 245 | 0 | _aUrban Design Street and Square | |
| 260 |
_bArchitecture Press _aUK _c2003 |
||
| 300 | _a300 | ||
| 546 | _aEng. | ||
| 650 |
_aArchitecture _vUrban Design Street and Square |
||
| 942 | _cBK | ||
| 999 |
_c9684 _d9684 |
||